000 01374nam0a2200373 4500
001 RU\NLR\BIBL_A\010713314
005 20260406101412.0
010 _a978-5-906686-57-2
_97000
021 _aRU
_b2015-11005
_9670
021 _aRU
_b2015-12820
_9778
035 _a(NILC)RuMoRGB-007882235
035 _a(NLR Aleph) 010713314
090 _a9783922
_c9783922
100 _a20150402d2015 |||y0rusy50 ca
101 1 _arus
_ceng
102 _aRU
105 _ay|||z|||000yy
200 1 _aСила настоящего
_dThe power of now
_eруководство к духовному пробуждению
_fЭкхарт Толле
_g[пер. с англ.: И. Мелдрис]
_zeng
210 _aМосква
_cСофия
_d2015
215 _a255 с.
_d20
300 _aАвт. также на англ. яз.: Eckhart Tolle
510 1 _6z45790
_aThe power of now
_zeng
606 1 _aПсихогигиена
_9929392
_3RU\NLR\AUTH\6623393
675 _a130.3
686 1 _aЮ949.2
686 1 _aЮ948.1-8
700 1 _8rus
_7ca
_aТолле
_bЭ.
_f1948-
_gЭкхарт
_3RU\NLR\AUTH\7779980
_962908
790 1 _8eng
_7ba
_aTolle
_bE.
_f1948-
_gEckhart
_3RU\NLR\AUTH\7779981
_962909
801 0 _aRU
_bРГБ
_c20051101
_gRCR
801 1 _aRU
_bРГБ
_c20051101
_2rusmarc
942 _cBOOK
980 _aNB